On This Day: May 5th II Quiz Stats

 Plays Quiz Updated May 5, 2018

Challenge
Share
Tweet
Embed
Score 0/7 Timer 03:00
0 Plays Today
Question Answer Wrong Answers
This English singer-songwriter, known for hits like ‘Rolling in the Deep’ and ‘Hello’, is born.
1988
Adele
94.2%
Leona Lewis
1.3%
Dido
1.5%
Jessie J
1.8%
Mass protests erupt in ______ following a series of reforms and austerity measures that had been enacted to combat the country’s widely publicized government-debt crisis.
2010
Greece
88.7%
Norway
1.5%
Spain
5.3%
Belarus
2.9%
After five years of exile following Italian occupation, this man returns to Addis Ababa, a date commemorated today as Liberation Day.
1941
Haile Selassie
83.6%
Menelik II
5.2%
Tewodros II
2.2%
Kwame Nkrumah
8.8%
The Prague Uprising begins as an attempt by the ______ resistance to free the city from German occupation.
1945
Czech
82%
Polish
10.7%
Austrian
4.6%
Romanian
1.9%
The government of South Africa declares ______ an official language.
1925
Afrikaans
79.3%
French
4.2%
Swahili
15.5%
German
1%
The General Treaty, by which France, Britain, and the United States recognize the sovereignty of ______, comes into effect.
1955
West Germany
70.7%
Yugoslavia
18%
Prussia
2.9%
Austria-Hungary
7.4%
This man becomes the first American, and second person, to travel into outer space.
1961
Alan Shepard
40%
John Glenn
41.8%
Buzz Aldrin
6.9%
Neil Armstrong
10.2%

You're not logged in!

Compare scores with friends on all Sporcle quizzes.
OR
Log In

You Might Also Like...

Show Comments

Extras

Top Quizzes Today


Score Distribution

Your Account Isn't Verified!

In order to create a playlist on Sporcle, you need to verify the email address you used during registration. Go to your Sporcle Settings to finish the process.

Report this User

Report this user for behavior that violates our Community Guidelines.

Details: